000 00914cam a2200217 4500
001 WB3842-05
008 021111n2002 000 0 eng u
035 _a(Sirsi) u120408
245 _aHouse prices hot up
260 _c2002
490 _aHalifax Building Society Press Release
_v October 2002 (3)
520 _aHalifax figures reveal UK house prices rose by 4.7% in October - the biggest monthly price rise since Halifax monthly records began in 1983. The number pushed the annual increase to 30.6%, the biggest jump since March 1989, just before the property crash. http://www.hbosplc.com/view/housepriceindex/nationalcommentary.asp
590 _aWB
650 _aHALIFAX HOUSE PRICE INDEX
650 _aHOUSE PRICES
650 _aPROPERTY BOOM
650 _aPROPERTY CRASH
650 _aHOUSE PRICE INFLATION
690 _aPROPERTY-RESIDENTIAL PROPERTY-RESIDENTIAL PROPERTY MARKET
942 _n0
999 _c71545
_d71545